[Event "Wales Seniors Ch"]
[Site "?"]
[Date "2023.09.09"]
[Round "3.8"]
[White "Van Kemenade, J."]
[Black "Morgan, David"]
[Result "1-0"]
[WhiteElo "1670"]
[BlackElo "1524"]
[Annotator "User"]
[PlyCount "67"]
[EventDate "2023.09.11"]
[SourceVersionDate "2023.09.11"]

{[%evp 0,67,80,4,128,109,140,102,116,15,29,-9,42,32,35,-37,-34,-13,-19,-33,-27,-76,-37,-73,-57,-55,-55,-69,-43,-81,9,-50,-50,-89,-27,-30,-13,-17,-6,-26,-16,-10,-24,-24,-27,-6,26,47,65,32,78,27,45,45,110,110,122,137,164,52,107,70,183,91,338,316,414,470,849,849]} 1. e4 c5 2. Nf3 g6 3. d3 Nc6 4. g3 Bg7 5. Bg2 e5 (5... d6) (5... e6) 6. O-O Nge7 7. Ne1 (7. c3 {main}) (7. Nc3) 7... d5 $146 (7... O-O {0.5-4.5}) 8. Nc3 Be6 9. Bg5 f6 10. Bd2 O-O 11. f4 d4 12. Ne2 Qd7 13. Nf3 Rac8 14. Nh4 exf4 {gives Wh a little more space on K side} (14... f5 $17 {Cloud Engines, some going back to 2013}) 15. gxf4 f5 16. Ng3 Bf6 (16... fxe4 17. dxe4 Bg4 18. Bf3 Bh3 19. Bg2 Bxg2 20. Kxg2 b5 $15 {SF16}) 17. Nf3 h6 $6 {Wh has the makings of a K side attack, so one should not move pawns there needlessly- it weakens g6, Bl should open up lines on the Q side with} (17... c4 {or}) (17... b5) (17... Kh8 18. Ng5 Bg8 $11 {SF16}) 18. e5 Bg7 19. Qe2 a5 {the wrong pawn} (19... b5 {is better- there is a R on the c file , so Bl should try to open up the file}) 20. a3 b5 21. Qe1 (21. h4) 21... a4 22. h4 c4 23. h5 {the consequence of Bl's earlier h6} Rc7 {Bl's buildup is far too slow, the Q side needs to be opened} (23... c3 24. bxc3 dxc3 25. Bc1 b4 26. axb4 Nxb4 27. Qf2 Bb3 {SF16 gives Bl a fighting chance, distracting Wh from the K side operation} 28. cxb3 axb3 29. Ra7 Rc7 30. Rxc7 Qxc7 31. Qd4 Nc2 32. Qd6 Qxd6 33. exd6 Nd5 34. Nd2 $1 (34. Ne5 Nce3 35. Nxg6 Nxg2 $11) 34... Bd4+ 35. Kh2 Nde3 36. Nxb3 Nxf1+ 37. Nxf1 $16 {SF16}) 24. Rc1 {no need to worry about a Bl R entry} (24. hxg6 Nxg6 25. Nh5 $18 {SF16}) 24... Rfc8 (24... c3 {creating some chaos is Bl's best chance} 25. bxc3 dxc3 26. Bxc3 g5 27. fxg5 hxg5 28. Nxg5 Nd4 29. Bd2 Rxc2 30. h6 Bxh6 31. Rxc2 Nxc2 32. Qe2 Bxg5 33. Bxg5 Nd4 34. Qh5 Rf7 35. Bh6 $16 {SF16}) 25. Nh4 (25. hxg6 Nxg6 26. Nh5 Qf7 27. Qg3 Ngxe5 28. Nf6+ Qxf6 29. fxe5 Qf7 30. Bxh6 $16 {SF16}) 25... g5 {now this further exposes the Bl K} (25... c3 {is still Bl's dynamic option} 26. bxc3 dxc3 27. Be3 b4 28. axb4 Nxb4 29. hxg6 Ned5 30. Kh2 a3 31. Bd4 a2 32. Qf2 Ra8 33. Bc5 Ra4 34. Nh5 Nxc2 35. Bxd5 a1=Q 36. Nxf5 $16 {SF16} Qb2 37. Nfxg7 Qxd5 38. Nf6+ Kxg7 39. Nxd5 Bxd5 40. Rxc2 Ra2 41. Rxb2 Rxb2 42. Ba3 Rxf2+ 43. Rxf2 Kxg6 44. f5+ $18 {complete chaos, where Engines love to be & humans get lost in the dark wood}) 26. fxg5 hxg5 27. Bxg5 Nxe5 {regains the pawn, but the Bl armies are on the Q side, not prepared to coin on the e file, whereas Wh has open lines against the Bl K} 28. h6 Bh8 29. Nh5 Ng4 (29... cxd3 {is the last hope to distract Wh, and perhaps get some Rs into the game} 30. Qg3 (30. cxd3 Rxc1 31. Bxc1 Nd5 $11) 30... Ng4 (30... Rxc2 31. Bxe7+) 31. cxd3 Rxc1 32. Bxc1 Qe8 33. Qd6 $18 {SF16}) 30. Qg3 $18 (30. Nf4 Be5 31. h7+ Kxh7 32. Nf3 Bxf4 33. Bxf4 Rc6 34. Qh4+ Kg8 35. Qg5+ Kf8 36. Bh3 Bd5 37. Nh4 Nh6 38. Qh5 Nf7 39. Nxf5 $18 {SF16}) 30... Kh7 31. Rce1 Rg8 32. Bxe7 Qxe7 33. Rxe6 Ne3 34. Rxe7+ 1-0

[Event "Wales Seniors Ch"]
[Site "?"]
[Date "2023.09.09"]
[Round "3.9"]
[White "Dodington, Russell H"]
[Black "Hurn, Robert AJ"]
[Result "1/2-1/2"]
[WhiteElo "1435"]
[BlackElo "1544"]
[Annotator "User"]
[PlyCount "62"]
[EventDate "2023.09.11"]
[SourceVersionDate "2023.09.15"]

1. d4 Nf6 2. c4 e6 3. Nc3 Bb4 4. Bg5 c5 5. d5 d6 6. e4 (6. e3 $11 {main, pawn not a target when e file opens} h6 7. Bh4 exd5 8. cxd5 O-O 9. Bd3 Nbd7 10. Nf3 Qa5 11. Qb3 Re8 12. O-O {Dodington-Hurn, Tom Weston Major op 2015,0-1}) 6... e5 {0-0-3} (6... h6 {1-4-6}) (6... Bxc3+ 7. bxc3 h6 $15 {Cloud Engines}) 7. Nge2 $146 Nbd7 8. g3 (8. Qc2 $16) 8... h6 (8... b5 $11 {SF16}) 9. Bd2 O-O 10. Bg2 Nb6 {Fritz13; though the N looks a little bit out of position here- where will it go to next?} (10... Re8 {SF16}) 11. b3 $16 Bg4 12. f3 Bh5 (12... Bd7 {F13 & SF16} 13. O-O $16) 13. a3 $18 (13. g4 Bg6 14. h4 Nbd7 15. Ng3 $18 {SF16; Wh will break throgh quite quickly on the K side}) 13... Bxc3 14. Nxc3 a6 15. g4 Bg6 16. h4 $18 h5 {both Engines} 17. g5 (17. a4) 17... Nfd7 18. f4 (18. Bh3 Nc8 19. O-O $18 {SF16}) (18. Qc2 Rb8 19. O-O-O {F13, which SF 16 only gives as definite plus for Wh rather than a win}) 18... exf4 19. Bxf4 Ne5 (19... Qe7 20. Qe2 Ne5 $14 {both Engines}) 20. Bxe5 dxe5 21. Bf3 {F13} (21. d6 f6 22. Qd2 $16 {SF16}) 21... Qd6 (21... Nc8 $16 {both Engines}) 22. Bxh5 $18 Nd7 (22... f5 $5 {both Engines- Wh's K is still in the middle, which might give some counterchances}) 23. Qg4 (23. Bg4) 23... Bxh5 24. Qxh5 Qg6 (24... b5 $5 {SF16}) 25. Qxg6 fxg6 26. Ke2 (26. Rf1 {both Engines}) 26... Rf4 27. Raf1 $18 (27. a4 {SF16}) 27... Rg4 28. Kf3 Rf4+ 29. Ke3 (29. Kg2 $18 {SF16}) (29. Kg3 Raf8 30. Kg2 {F13}) 29... Rg4 30. Kf3 (30. Ne2 {SF16} Rg2 31. Kf3 $18 {SF16}) 30... Rf4+ 31. Ke3 {[Draw?]} Rg4 1/2-1/2

[Event "Wales Seniors Ch"]
[Site "?"]
[Date "2023.09.10"]
[Round "4.1"]
[White "Thomas, Mark"]
[Black "Havard, Gwyn"]
[Result "1-0"]
[WhiteElo "1724"]
[BlackElo "1848"]
[Annotator "User"]
[PlyCount "65"]
[EventDate "2023.09.11"]
[SourceVersionDate "2023.09.16"]

1. e4 d5 2. exd5 Nf6 3. d4 (3. Nf3 Nxd5 4. d4 g6 5. c4 Nb6 6. Nc3 Bg7 7. Be3 Nc6 8. Be2 O-O 9. h3 Bf5 10. a3 Re8 11. O-O {Thomas-Horrell, S Wales Autumn, 2022,1-0}) 3... Bg4 4. Be2 {main} (4. Nf3 Qxd5 5. Nc3 Qd7 6. Bc4 e6 7. Bf4 Nc6 8. d5 exd5 9. Qe2+ Be7 10. O-O-O d4 {Peters-Havard, Wales op, Cardiff 2022,0-1}) (4. f3 Bf5 5. Bb5+ Nbd7 6. c4 e6 {gives Bl good chances}) 4... Bxe2 5. Qxe2 Qxd5 6. Nf3 e6 7. O-O Nc6 8. Be3 (8. Nc3 Qh5 {main}) 8... Be7 (8... O-O-O {main} 9. c4 Qh5 10. Nc3 Rg8 (10... Bd6)) 9. c4 Qh5 {3 Wh wins, 1 draw} (9... Qf5 {Cloud Engines} 10. Nc3 O-O-O {4-2-1} (10... O-O {1-2-3})) 10. Nc3 O-O 11. Rfd1 (11. Rad1 Rad8 12. h3 {Lagno-A Muzychuk, UKR ch Girls U12, Simferopol 2000,1/2-1/2}) (11. h3 {Cloud Engines,2-1}) 11... Rad8 12. Rd2 (12. a3 a5 13. Nb5 Rd7 14. Bf4 Bd6 15. Nxd6 cxd6 16. Rab1 Re8 17. Qf1 e5 $11 {Luong-Phan Hoang Diem, VIE ch girls U13,2002,1-0}) 12... Rd7 13. Rad1 Rfd8 14. h3 h6 15. a3 a5 (15... Bd6 16. b4 a6 $14 {SF16}) 16. Bf4 $16 Bd6 17. Qe3 (17. Bxd6 cxd6 18. d5 $16 {SF16}) 17... Ne7 (17... Bxf4 18. Qxf4 e5 $11 {SF16}) 18. Ne5 Nf5 $2 (18... Bxe5 19. dxe5 Rxd2 20. Rxd2 Rxd2 21. Qxd2 Ne8 22. Qd8 Kf8 23. Nb5 Nc6 24. Qc8 g5 25. Be3 (25. Nxc7 $16) 25... Qd1+ 26. Kh2 Qd8 27. Bc5+ Kg7 28. Qxb7 $18 {SF16}) 19. Qe1 Bxe5 20. dxe5 Rxd2 21. Rxd2 Rxd2 22. Qxd2 Ne8 23. Qd8 (23. g4 Qg6 24. Qd8 f6 25. Kf1 Nh4 26. exf6 gxf6 27. Bxc7 $18 {SF16}) 23... Kf8 24. Nb5 (24. g4 Qh4 25. Qd2 Ne7 26. Kg2 Nc6 27. Ne4 Qe7 28. Bg3 Kg8 29. Qd3 $16 {SF16}) 24... Qh4 25. Qxh4 Nxh4 26. Kf1 $14 (26. Bd2 b6 27. c5 $14 {SF16}) 26... Ng6 27. Bg3 b6 (27... Ke7 28. Ke2 Kd7 $14 {SF16}) 28. Ke2 Ne7 29. f3 Nf5 30. Bf2 $18 c6 $2 (30... Ne7 31. c5 Nd5 32. Nc3 Nxc3+ 33. bxc3 b5 34. c6 f6 35. exf6 gxf6 36. Bc5+ Kf7 37. Kd3 e5 38. c4 bxc4+ 39. Kxc4 Ke6 40. Kb5 Kd5 41. g4 Ng7 42. Bf8 Ne6 43. Bxh6 $18 {SF16}) 31. Na7 Ne7 32. Bxb6 a4 33. Bc5 1-0

[Event "Wales Seniors Ch"]
[Site "?"]
[Date "2023.09.10"]
[Round "4.2"]
[White "Van Kemenade, R."]
[Black "Hughes, Anthony"]
[Result "1-0"]
[WhiteElo "1934"]
[BlackElo "1838"]
[Annotator "User"]
[PlyCount "59"]
[EventDate "2023.09.11"]
[SourceVersionDate "2023.09.11"]

{[%evp 0,59,80,-7,-39,-14,-7,-14,1,-8,-8,-28,-21,-46,-1,-21,-2,-39,-41,-49,-5,-57,11,28,59,47,20,52,89,67,63,46,80,67,57,73,110,51,53,37,85,14,42,53,53,74,181,151,156,145,356,117,504,489,505,505,811,969,969,969,969,944]} 1. f4 d5 2. Nf3 Bg4 3. e3 Nd7 4. h3 Bxf3 5. Qxf3 e6 (5... c6 {main}) (5... Ngf6 6. g4 {84 games} e5 7. g5 e4 8. Qg2 Ng8 9. c4 c6 10. Nc3 Ne7 11. cxd5 cxd5 12. d3 exd3 13. Bxd3 g6 14. O-O Bg7 15. Nxd5 Nxd5 16. Qxd5 $18 {Van Kemenade-D Johnston, Dyfed League 2008, 1-0}) (5... e5 6. Qxd5 Ngf6 (6... Qh4+ 7. Kd1 O-O-O 8. fxe5 Qe7 9. Qa5 Kb8 10. Nc3 Nxe5 11. Qa4 {Kramnik-Oratovsky,USSR 1990,1-0}) 7. Qf3 (7. Qxb7) 7... exf4 8. exf4 Bd6 9. Be2 O-O 10. d4 c5 11. d5 c4 {Rendle-Adams,London Classic rapid 2014,0-1}) 6. d4 (6. b3) (6. Be2) (6. c4 c6 7. Nc3 Bb4 8. a3 Bxc3 9. bxc3 Ngf6 10. a4 O-O 11. Rb1 Qa5 {Van Kemenade-Docx,Gibraltar Masters 2017,0-1}) 6... Ngf6 7. Nd2 (7. Bd3) 7... Be7 8. Bd3 c5 9. c3 Qc7 {Bl is reluctant to 0-0, fearing the pawnstorm} (9... Qb6 {0-4} 10. O-O $11 {SF16}) (9... O-O 10. g4 Ne8 11. g5 Nd6 12. h4 {Sikorova-Navara, CZE ch Kouty nad Desnou 2012,0-1}) 10. a4 Nb6 {Bl was trying an idea adapted from an anti-London system of N to d6 to contest control over e4, but it takes up too much time} 11. O-O (11. b3 $14 {SF16}) 11... Nc8 12. e4 {Wh opens up the centre for the two Bs} dxe4 13. Nxe4 c4 (13... Nxe4 14. Qxe4 (14. Bb5+ {Wh's idea} Kf8 15. Qxe4 Nd6 $11) 14... c4 15. Bc2 Nd6 16. Qe5 Bf6 17. Qc5 $16 {SF16}) 14. Nxf6+ Bxf6 15. Bc2 $16 Ne7 16. Be4 (16. a5 $16 O-O 17. g4 Bh4 18. g5 f5 19. b3 $16 {SF16}) 16... O-O-O (16... O-O {SF16} 17. g4 $16 (17. Bxb7 $16)) (16... Rb8 17. g4 $1 (17. f5 e5 18. dxe5 Bxe5 19. f6 Bxf6 20. Bf4 Qb6+ 21. Kh1 Rd8 22. a5 Qb5 23. Qg3 $18) 17... Bh4 18. f5 Qg3+ 19. Qxg3 Bxg3 20. fxe6 fxe6 21. Kg2 Bd6 22. a5 $18 {SF16}) 17. a5 $18 Nd5 (17... a6 18. Ra4 Nd5 19. Qe2 Kb8 20. Qxc4 $18 {SF16}) 18. Bd2 {second line of SF16} (18. a6 b5 19. f5 h5 20. Bd2 Rd7 21. b3 $18 {SF16}) (18. f5 {first idea, but Wh thought Bl might get some play on the f file}) 18... g6 19. Ra4 (19. b3 cxb3 20. Rfb1 Rd6 21. Rxb3 Rhd8 22. Be1) 19... Rd6 20. f5 (20. Kh1 Kd7 21. b3 cxb3 22. c4 $18 {SF16}) (20. Qe2 Kb8 (20... Rc6 21. f5 a6 22. fxe6 fxe6 23. Rxf6 Nxf6 24. Bxc6 bxc6 25. Qxe6+ $18) 21. Qxc4 Qxc4 22. Rxc4 a6 $18 {Sf16}) 20... gxf5 21. Bxd5 Rxd5 22. Qe2 Kd7 (22... Kd8 23. Bf4 Qc6 24. Rxc4 Qb5 25. Ra1 Rg8 26. a6 $16) (22... Kb8 {is actually playable} 23. Bf4 e5 24. dxe5 Bxe5 25. Rxc4 Qxa5 26. Ra4 Qb6+ 27. Be3 Qe6 28. Bxa7+ Kc8 29. Qf3 $16 {SF16}) 23. Bf4 $18 e5 24. Rxc4 Qxa5 25. dxe5 (25. Bg3 $18) (25. Qh5 $1 Ke7 26. Qxf5 exf4 27. Re1+ Be5 28. b4 Qb5 29. Rc7+ Kd6 30. Qxf7 Re8 31. dxe5+ Rexe5 32. Rxe5 Rxe5 33. c4 $18 {SF16}) 25... Re8 (25... Bxe5 26. Qh5 (26. Bxe5 Rxe5 27. Qh5 Qb6+ 28. Kh1 Qf6 29. Rd1+ Ke7 30. Rc7+ Kf8 31. Rxb7 $16) 26... Qb6+ 27. Kh1 Qg6 28. Qf3 Qd6 29. Rd4 Rxd4 30. Bxe5 Qxe5 31. Qxb7+ Ke6 32. cxd4 $18) 26. Qh5 Qb6+ 27. Kh1 Bxe5 28. Qxf7+ Kd6 29. Qxe8 Bxf4 30. Rcxf4 1-0

[Event "Wales Seniors Ch"]
[Site "?"]
[Date "2023.09.10"]
[Round "4.3"]
[White "Saunders, Walter NR"]
[Black "Morris, Charles F"]
[Result "1/2-1/2"]
[WhiteElo "1943"]
[BlackElo "2029"]
[Annotator "User"]
[PlyCount "73"]
[EventDate "2023.09.11"]
[SourceVersionDate "2023.09.16"]

{[%evp 0,16,39,27,10,-13,-4,-19,2,12,14,16,5,7,7,12,11,-21,-22]} 1. Nf3 Nf6 (1... d5 2. d4 c6 3. Bf4 Bf5 4. e3 Nd7 5. Be2 Ngf6 6. h3 b5 7. O-O e6 8. b3 Ne4 9. c4 g5 10. Bh2 bxc4 11. bxc4 g4 12. hxg4 Bxg4 13. Ne5 {Saunders-Morris, WLS ch 1996,1/2-1/2}) 2. c4 e6 3. g3 b6 4. Bg2 Bb7 5. O-O c5 6. d3 (6. Nc3 Be7 7. d4 cxd4 8. Qxd4 {main}) 6... Be7 7. Nc3 O-O 8. Qb3 (8. e4 d6 9. Re1 {main} (9. b3)) 8... Nc6 (8... d6 9. Bd2 Nbd7 10. a4 Rb8 11. Qa2 Bc6 {Gibbons-Stuart, Oceania zt Aucland 2005,1/2-1/2}) (8... d5 $11 {SF16}) 9. e4 (9. Nb5 d6 10. Bd2 Re8 11. a4 a5 12. d4 d5 {Goffin-Gibbons, Oceania zt Auckland,2005,1/2-1/2}) 9... d6 10. Rd1 e5 (10... Nd4) 11. Bg5 Ne8 12. Be3 Nc7 13. Qc2 (13. Nd5) 13... Nd4 14. Bxd4 cxd4 15. Nd5 Nxd5 16. exd5 (16. cxd5 $11) 16... Bc8 (16... Qc7 17. Qd2 a5 18. Rdb1 Bd8 19. b4 axb4 20. Qxb4 Bc8 21. a4 Bf5 22. Ra3 Ra7 $15 {SF16}) 17. Nxe5 dxe5 18. d6 Rb8 (18... Bg4 19. Bxa8 Bxd1 20. Qxd1 Bxd6 21. Bd5 $11 {SF16}) 19. dxe7 Qxe7 20. Re1 $11 Qd6 (20... Qc7) 21. Qe2 (21. b4 $16 Qc7 (21... Qxb4 22. Rxe5) 22. c5 bxc5 23. bxc5 g6 24. c6 $16 {SF16}) 21... f6 22. a3 a5 23. Qd2 Bb7 24. Bxb7 Rxb7 25. b4 axb4 26. axb4 f5 27. Ra6 Re8 (27... Qb8 28. Qa2 Kh8 29. Ra1 h6 $14 {SF16}) 28. c5 $16 Qc7 (28... Qe6 29. b5 f4 30. Qe2 Qd5 31. c6 Rbe7 32. Qa2 Qxa2 33. Rxa2 f3 34. h4 Kf7 35. Ra6 Rb8 36. Rc1 $18 {SF16}) 29. Qa2+ $18 Kh8 30. cxb6 (30. Rxb6 $1 e4 (30... Rxb6 31. cxb6 Qxb6 32. Rxe5 $18) 31. Rxb7 Qxb7 32. Qc4 $18 e3 33. Qxd4 exf2+ 34. Qxf2 Rf8 35. Qxf5 {SF16}) 30... Rxb6 (30... Qd8 31. Qc4 $18) 31. Rxb6 Qxb6 32. Qf7 $2 (32. Rxe5 $1 $18) 32... Qe6 $11 33. Qxe6 Rxe6 34. b5 e4 (34... g6 $11) 35. b6 (35. Kf1 g6 $11) 35... Rxb6 36. dxe4 fxe4 37. Rxe4 {[Draw?]} 1/2-1/2

[Event "Wales Seniors Ch"]
[Site "?"]
[Date "2023.09.10"]
[Round "4.4"]
[White "Batey, Richard"]
[Black "Adams, Mark"]
[Result "1/2-1/2"]
[WhiteElo "2044"]
[BlackElo "1898"]
[Annotator "User"]
[PlyCount "32"]
[EventDate "2023.09.11"]
[SourceVersionDate "2023.09.16"]

{[%evp 0,21,27,11,12,27,40,0,43,43,43,43,43,1,22,30,46,34,42,26,55,40,40,40]} 1. d4 Nf6 2. Nf3 e6 3. c4 Bb4+ 4. Bd2 Be7 5. Nc3 d5 6. cxd5 (6. Bg5) 6... exd5 7. e3 {3-3-5} (7. Bg5 {main line QGD exchange}) 7... O-O 8. Bd3 Nbd7 9. h3 (9. O-O) (9. a3) 9... Re8 10. O-O c6 11. Re1 (11. Rc1 Nf8 12. Ne5 N6d7 13. Nf3 Ng6 14. a3 a5 15. Re1 Ndf8 16. Ne2 Bd6 17. Nc3 f5 18. Qc2 Qf6 19. Na4 $14 {Da Silva-Cardoso, Sao Jaoa del Rei op 2020,1/2-1/2}) 11... Bd6 12. e4 (12. Qc2 {SF8 & 16} h6 13. Rab1 Nb6 14. b4 a6 15. a4 {Krasenkow-Seirawen, OLympiad 2000,0-1}) 12... dxe4 13. Nxe4 Nxe4 14. Rxe4 Rxe4 15. Bxe4 Nf6 16. Bc2 Be6 $11 {[Draw?]} 1/2-1/2

[Event "Wales Seniors Ch"]
[Site "?"]
[Date "2023.09.10"]
[Round "4.5"]
[White "Miles, Richard"]
[Black "Thomas, Roy"]
[Result "1-0"]
[WhiteElo "1967"]
[BlackElo "1641"]
[Annotator "User"]
[PlyCount "99"]
[EventDate "2023.09.11"]
[SourceVersionDate "2023.09.16"]

{[%evp 0,25,26,20,32,-14,46,40,44,24,59,51,57,46,46,49,67,38,51,36,71,15,52,24,42,24,129,109]} 1. d4 (1. f4 d5 2. Nf3 Nf6 3. e3 g6 4. Be2 Bg7 5. O-O O-O 6. d3 b6 7. Nc3 Bb7 8. Qe1 Nbd7 9. Qh4 Re8 10. Ne5 Nf8 11. d4 N6d7 12. Bd2 e6 13. Qh3 f6 {Thomas-Miles, WCPl 2015,0-1}) 1... e6 2. c4 f5 3. Nf3 Nf6 4. g3 Be7 5. Bg2 O-O 6. O-O d6 7. Nc3 a5 8. Qc2 Nc6 9. Rd1 (9. a3 {generally given in the theory books, main}) (9. e4) 9... Qe8 10. e4 e5 $11 {2-1-6} (10... fxe4 11. Nxe4 e5 $11 {1-2-3}) 11. dxe5 dxe5 12. exf5 Ng4 (12... Qh5 $11 {1-4} 13. Bg5 h6 14. Bxf6 Bxf6 15. Nd5 Bxf5 16. Qb3 (16. Nxf6+ Rxf6 17. Qb3 Bg4 18. Rd3 Raf8 {S Brown-Oswald, Grangetown Premier 2010,0-1} (18... Bxf3 19. Bxf3 Rxf3 20. Rxf3 Nd4 21. g4 Qxg4+ 22. Rg3 Nxb3 23. Rxg4 Nxa1 $19 {SF16})) 16... e4 $11 {Cloud Engines}) 13. h3 (13. Nd5 Bxf5 14. Qe2 (14. Nxe7+ Qxe7 $11) 14... Bc5 15. Be3 Nxe3 16. Nxe3 Nd4 $19 {Navaratnam-Sonjaya, Kuala Lumpur Merdeka rapid op 2019,0-1}) 13... Bxf5 14. Qe2 Qh5 (14... Nf6 15. Nxe5 Bc5 16. Nxc6 bxc6 17. Qxe8 Raxe8 18. Bf4 $16 {Cloud Engines}) 15. Ne4 (15. Nh2 $18 Nd4 16. Rxd4 exd4 17. hxg4 Bxg4 18. Nxg4 Qc5 19. Ne4 Qf5 20. Bf4 {Kryger-Gronnestad, Fagernes Norsk op 2015,1-0}) 15... Bxe4 16. Qxe4 Nf6 $11 17. Qe2 (17. Qh4 Qxh4 18. Nxh4 Bc5 19. Nf5 Rad8 $11 {SF16}) 17... Bc5 (17... e4 $19 18. Nd4 Nxd4 19. Qxh5 Nxh5 20. Rxd4 Bc5 21. Rxe4 Bxf2+ 22. Kh2 Bxg3+ 23. Kg1 Rf2 24. Rg4 Raf8 $19 {SF16}) 18. Be3 (18. g4 Qf7 19. Be3 Bxe3 20. Qxe3 Rae8 $11 {SF16}) 18... e4 19. Nd4 Qxe2 20. Nxe2 Bxe3 21. fxe3 Ne5 $15 22. b3 Rad8 (22... Nf3+ 23. Bxf3 (23. Kf2 Ng5 (23... g5 24. g4 h5 $15)) 23... exf3 24. Nc3 g5 25. g4 h5 26. gxh5 f2+ 27. Kg2 g4 28. Rd3 gxh3+ 29. Kxh3 Nxh5 30. Rf1 Ra6 $11 {SF16}) 23. Nf4 Rfe8 24. Nd5 Nxd5 25. Rxd5 Rxd5 (25... c6) 26. cxd5 Nd3 $11 (26... Nf7 $11) 27. Rd1 Nc5 28. Rd4 Kf7 29. Bf1 (29. Rc4 b6 30. a3 Re7 31. b4 axb4 32. axb4 Nb7 33. Rxe4 Rxe4 34. Bxe4 h6 35. Kf2 Kf6 $11 {Bl controls the bl squares the e must pass through if it is to attempt to advance in pursuit of a win}) 29... Kf6 (29... Ke7 30. d6+ cxd6 31. Kg2 Rf8 $15 {SF16}) 30. b4 (30. d6 $11 cxd6 (30... c6 31. h4 Rd8 32. Bh3 Ne6 33. Bxe6 Kxe6 34. Rxe4+ Kxd6 35. Ra4 Ra8 $11 {SF16}) 31. Rxd6+ Ke5 32. Rb6 Re6 33. Rb5 b6 34. a3 Kf6 $11 {SF16}) 30... axb4 31. Rxb4 b6 $15 (31... Ke5 32. a4 Ra8 33. Bb5 Rf8 (33... Kxd5 34. Rd4+ Ke5 35. Rc4 b6 $19) 34. Be2 Kd6 $19 {SF16}) 32. d6 cxd6 33. Rxb6 Ke5 34. Bc4 (34. Rb5 Ra8 35. Bc4 Rf8 $11 {SF16}) 34... Rf8 $15 (34... d5 35. Bb3 Rc8 36. Rb4 Kd6 $15) 35. Be2 Nd3 (35... Ra8 36. Bc4 Rf8 {repeats}) 36. Rb7 Rf2 $2 (36... Rc8 37. Rxg7 Rc1+ 38. Kg2 Re1 39. Rg5+ (39. Bf1 Rxe3 40. Rxh7 Kd4 41. h4 Ne5 42. Ra7 Rc3 43. h5 Rc2+ 44. Kh3 Rc1 $11 {SF16}) 39... Kf6 40. Bxd3 Kxg5 41. Bxe4 h6 42. h4+ Kg4 43. Kf2 Rc1 44. a4 Rc4 45. Bf3+ Kf5 46. Bd1 $11 {SF16; two pawns and rspecially the outside passed one are more than enough compensation for the exchange}) 37. Bxd3 $18 Rxa2 38. Re7+ Kf6 39. Rxe4 d5 40. Rf4+ Ke7 41. Bxh7 Ra3 42. Kf2 Ra2+ 43. Kf3 Rh2 44. Bf5 Kf6 45. Bg4+ Ke5 46. Rf5+ Ke6 47. Rg5+ Kd6 48. Rxg7 Rd2 49. h4 d4 50. Rd7+ 1-0

[Event "Wales Seniors Ch"]
[Site "?"]
[Date "2023.09.10"]
[Round "4.6"]
[White "Van Kemenade, J."]
[Black "Davis, Lee"]
[Result "1/2-1/2"]
[WhiteElo "1670"]
[BlackElo "1927"]
[Annotator "User"]
[PlyCount "63"]
[EventDate "2023.09.11"]
[SourceVersionDate "2023.09.11"]

{[%evp 0,63,19,19,122,36,118,37,-2,20,34,-35,3,-41,48,52,34,33,66,2,-1,-35,0,-3,27,14,17,-15,25,-7,20,-28,-17,-28,-3,-62,-21,-31,37,-121,-134,-112,-82,-82,-60,-49,-49,-32,-32,-93,-49,-208,-56,-104,-21,-21,-21,-21,-29,-21,-21,-39,-39,-39,-36,-36]} 1. e4 g6 2. d3 (2. g3 d6 3. Bg2 Bg7 4. Nc3 c5 5. f4 Nc6 6. d3 Nf6 7. Nf3 O-O 8. O-O Rb8 9. h3 e6 10. g4 Nd4 11. f5 {D James-Davis, WLS Seniors ch 2018,1-0}) 2... Bg7 3. f4 d6 4. Nf3 c5 5. g3 (5. Be2 {main}) 5... Nc6 6. Bg2 e6 7. O-O Nge7 8. Nc3 (8. c3) 8... Rb8 9. Ne2 {second frequent} (9. Be3 {main}) 9... O-O 10. Qe1 (10. c3 {main}) (10. g4) 10... Nb4 11. Qd1 d5 (11... b5 12. c3 Nbc6 13. Be3 (13. d4) (13. g4)) 12. e5 d4 13. g4 b5 (13... f6 14. Ng3 $11 {SF16}) 14. Ng3 (14. g5 {played succesfully by R van Kemenade in positions starting from 1 f4, not liked by engine, but longterm plan of putting a N into f6}) 14... Qb6 15. Kh1 (15. Ne4 Nbd5 16. Qe1 Bb7 17. Nd6 Bc6 18. h4 $14 {SF16}) 15... Bb7 16. Bd2 (16. Ne4 c4 17. Nf6+ Bxf6 18. exf6 Ned5 19. a3 Nc6 20. Qe1 (20. g5 cxd3 21. cxd3 Rfd8 22. Qe1 (22. Nh4) 22... Ne3 23. Qh4 Nf5 24. Qh3 Rbc8 25. Nh4 Nxh4 26. Qxh4 h5 27. gxh6 Kh7 $17) 20... cxd3 21. cxd3 Nxf6 22. Qh4 Nd5 23. f5 $11 {SF16}) 16... Nbd5 17. Ng5 f6 (17... c4 18. Qe2 Ne3 19. Bxe3 dxe3 20. Bxb7 cxd3 21. cxd3 Rxb7 22. Rac1 Nd5 $15 {SF16}) 18. exf6 Bxf6 (18... Rxf6 19. N5e4 Rff8 20. Qe2 c4 $17 {SF16}) 19. f5 (19. Qe2 Ne3 $11 {SF16}) 19... exf5 20. gxf5 Bxg5 (20... Ne3 21. Bxe3 Bxg2+ 22. Kxg2 dxe3 23. Qg4 e2 24. Rf2 Qc6+ 25. N5e4 Bxb2 26. Re1 Kh8 27. fxg6 Rxf2+ 28. Kxf2 Nxg6 29. Kxe2 c4 $17 {SF16}) 21. Bxg5 Nxf5 22. Nxf5 Rxf5 (22... gxf5 $15) 23. Rxf5 gxf5 24. Qh5 $11 (24. Qe2 Ne3 $11) 24... Qg6 25. Qh4 {surprisingly this natural move fails the engine precision measure.} (25. Qxg6+ {Wh is a pawn down, swaps off his Q, connects Bl's K side pawns, but is the way to draw!} hxg6 26. Kg1 Nc7 (26... Ba8 27. Bxd5+ Bxd5 28. Re1 $11) 27. Bf4 Bxg2 28. Bxc7 Rc8 29. Bf4 Bc6 30. Re1 $11) 25... Kf7 {worried about Rg1} (25... Ne3 $1 26. Bxb7 Rxb7 27. Bxe3 Qc6+ 28. Kg1 dxe3 29. Qd8+ Kf7 30. Qh4 Ke8 31. Qg5 Re7 $19 {SF16}) 26. Re1 (26. Rg1 h6 27. Bd8 Qe6 28. Qh5+ Kf8 29. Bf3 Nf4 30. Be7+ Kxe7 (30... Qxe7 $2 31. Qxh6+ Ke8 32. Rg8+ Kd7 33. Bxb7 Rxb7 (33... Rxg8 34. Qc6+ Kd8 35. Qc8#) 34. Rg7 $18) 31. Qh4+ Kf7 32. Qxf4 Bxf3+ 33. Qxf3 Rg8 34. Rxg8 Kxg8 35. Qa8+ Kf7 36. Qxa7+ Kg6 37. Qxc5 Qe1+ $11 {SF16}) (26. Rf1 Ke6 27. Re1+ Kd7 28. Re5 Rg8 29. Bxd5 Bxd5+ 30. Rxd5+ Kc6 31. Qg3 {typical engine idea few humans would contemplate} Kxd5 32. Qf3+ Kd6 33. Bf4+ {perpetual, SF16}) 26... Rg8 27. Re5 Qxg5 28. Qxg5 Rxg5 29. Bxd5+ Kf6 (29... Bxd5+ 30. Rxd5 Ke6 31. Rxc5 b4 32. c4 bxc3 33. bxc3 dxc3 34. Rxc3 $11 {SF16}) 30. Re6+ Kf7 31. Re5+ (31. Rc6+ {kibitzer suggestion} Ke7 32. Rc7+ Kd6 33. Rxb7 Kxd5 34. Rxh7 a6 35. h4 Rg4 36. h5 Ke5 37. Rc7 Kf4 38. Rxc5 Rg5 39. h6 Rh5+ 40. Kg2 Rxh6 $11) 31... Kf6 32. Re6+ {[Draw?]} 1/2-1/2